Nosotras que nos queremos tanto

Saved in:
Bibliografiske detaljer
Hovedforfatter: Serrano, Marcela (Author)
Format: Bog
Sprog:spansk
Udgivet: Madrid Alfaguara 1996
Fag:
Tags: Tilføj Tag
Ingen Tags, Vær først til at tagge denne postø!

MARC

LEADER 00000nam a2200000 a 4500
001 UCP5790
003 CL-VaPUC
008 990927e19961200SP |||||||||||||||||spa|d
082 0 4 |a Ch863  |b SER  |2 21 
100 0 |a Serrano, Marcela  |e author  |9 434388 
245 1 0 |a Nosotras que nos queremos tanto 
300 |a 358 p 
942 |c BK 
945 |d 19990927 00:00:00  |a cmena 
260 |a Madrid  |b Alfaguara  |c 1996 
650 0 |a Novelas chilenas   |9 265425 
650 0 |a Literatura chilena   |9 308278 
583 |a last modification  |c 19990927 00:00:00  |k Rodrigo Vera 
999 |c 283455  |d 283453 
952 |0 0  |1 0  |4 0  |6 CH_863_000000000000000_SER_1996  |7 0  |8 A  |9 326636  |a BIBEDU  |b BIBEDU  |c ES_NOD  |d 2019-11-20  |i 3564762  |o Ch863 SER 1996  |p 3564762  |r 2023-08-09  |w 2019-11-20  |y BK  |k EPE